000 00749nam a2200241Ia 4500
005 20220621173907.0
008 210716s2011 xx 000 0 und d
020 _a9788126522859
040 _cAIMIT LIBRARY
041 _aeng
082 _a005.82
_21
_bHARN
100 _aShyamala, C K; Harini, N; Padmanabhan, T R.
_944351
245 _aCryptography and security.
250 _a1st ed.
260 _aNew Delhi :
_bWiley India ,
_c2011
300 _axxx, 529p.
_bPB
_c23 cm.
650 _aCryptography-Data encryption
_944352
650 _aNumber Theory and Algebra
_944366
650 _aPrivate-Key Cryptography
_944367
650 _aPublic-Key Cryptography
_944368
650 _aNetwork Security
_944369
942 _2ddc
_cBK
_e1
_k005.82 HARN
999 _c191490
_d191490